[Event "Yerevan Asrian Memorial 14th"]
[Site "Yerevan"]
[Date "2024.05.01"]
[Round "8"]
[White "Hakobyan, Erik"]
[Black "Hakobyan, Menua"]
[Result "1-0"]
[WhiteElo "2383"]
[BlackElo "2107"]
[PlyCount "87"]
[EventDate "2024.04.24"]
[EventType "swiss"]
[EventRounds "9"]
[EventCountry "ARM"]
[SourceTitle "CB19_2024"]
[SourceDate "2024.05.08"]
[SourceVersion "1"]
[SourceVersionDate "2024.05.08"]
[SourceQuality "1"]

1. c4 e6 2. Nf3 d5 3. e3 Nf6 4. Nc3 c5 5. d4 a6 6. a3 dxc4 7. Bxc4 b5 8. Bd3 Bb7 9. dxc5 Bxc5 10. 0-0 0-0 11. b4 Bd6 12. Bb2 h6 13. Rc1 Qe7 14. Qe2 Nbd7 15. Rfd1 Rfd8 16. Nd2 Ne5 17. Bb1 Rac8 18. Nce4 Nxe4 19. Rxc8 Rxc8 20. Bxe4 Bxe4 21. Nxe4 Nc4 22. Nxd6 Nxd6 23. Qg4 f6 24. Bd4 Nb7 25. h3 Rc4 26. Qg6 e5 27. Ba7 Rc8 28. Qg4 Rd8 29. Rc1 Rd6 30. Bb8 Rd7 31. Rc8+ Nd8 32. Qe4 Rd1+ 33. Kh2 Kf7 34. Qa8 Ne6 35. Qxa6 Qd7 36. Rc6 Rf1 37. Rd6 Qe8 38. Qb7+ Kg6 39. f3 Kh7 40. Qe4+ Kh8 41. Qc6 Qxb8 42. Rxe6 Kh7 43. Re8 Qa7 44. Qc2+ 1-0

[Event "Yerevan Asrian Memorial 14th"]
[Site "Yerevan"]
[Date "2024.04.27"]
[Round "4"]
[White "Hakobyan, Erik"]
[Black "Hovakimyan, Vache"]
[Result "1-0"]
[WhiteElo "2383"]
[BlackElo "2202"]
[PlyCount "75"]
[EventDate "2024.04.24"]
[EventType "swiss"]
[EventRounds "9"]
[EventCountry "ARM"]
[SourceTitle "CB19_2024"]
[SourceDate "2024.05.08"]
[SourceVersion "1"]
[SourceVersionDate "2024.05.08"]
[SourceQuality "1"]

1. e4 e5 2. Nf3 Nc6 3. Bb5 a6 4. Ba4 Nf6 5. 0-0 Be7 6. d3 b5 7. Bb3 d6 8. Bd2 0-0 9. h3 a5 10. a4 b4 11. Re1 Be6 12. Bxe6 fxe6 13. Be3 Qe8 14. Nbd2 Nh5 15. c3 Rb8 16. d4 bxc3 17. bxc3 exd4 18. cxd4 Nf4 19. Bxf4 Rxf4 20. Rc1 Bd8 21. Nc4 Qg6 22. Ncd2 Nb4 23. Re3 c6 24. Qe2 Bc7 25. Ne1 Bb6 26. Rf3 Rxf3 27. Ndxf3 c5 28. dxc5 Bxc5 29. e5 Nd5 30. Nd3 Ba3 31. Rc6 Rb3 32. exd6 h6 33. d7 Be7 34. Nfe5 Qf6 35. Rc8+ Kh7 36. Qe4+ g6 37. d8R Bxd8 38. Rxd8 1-0

[Event "Moscow Aeroflot op-A"]
[Site "Moscow"]
[Date "2024.03.04"]
[Round "4"]
[White "Esipenko, Andrey"]
[Black "Hakobyan, Erik"]
[Result "1-0"]
[WhiteElo "2702"]
[BlackElo "2342"]
[PlyCount "71"]
[EventDate "2024.03.03"]
[EventType "swiss"]
[EventRounds "9"]
[EventCountry "RUS"]
[SourceTitle "CB11_2024"]
[SourceDate "2024.03.13"]
[SourceVersion "1"]
[SourceVersionDate "2024.03.13"]
[SourceQuality "1"]

1. e4 c5 2. Nf3 Nc6 3. Bb5 e6 4. 0-0 Nge7 5. d4 cxd4 6. Nxd4 Qb6 7. Nxc6 bxc6 8. Be2 Ng6 9. c4 Be7 10. Nc3 0-0 11. Qc2 Rd8 12. Be3 Qc7 13. c5 Nf4 14. Bc4 d5 15. cxd6 Bxd6 16. g3 Ng6 17. Be2 Bb7 18. Na4 c5 19. Rac1 Qc6 20. f3 Ba6 21. Nxc5 Bxc5 22. Bxc5 Ne5 23. Be3 Qb7 24. Rfd1 Rdc8 25. Qd2 h6 26. b3 Bxe2 27. Qxe2 a5 28. Rxc8+ Qxc8 29. Kg2 Qb7 30. Bd4 Nc6 31. Bc3 Qe7 32. Qb5 Nb4 33. Rd7 Qg5 34. Qb7 Rf8 35. Bxb4 axb4 36. Qxb4 1-0

[Event "Minsk op"]
[Site "Minsk"]
[Date "2023.11.11"]
[Round "9"]
[White "Hakobyan, Erik"]
[Black "Naumovich, Yaroslav"]
[Result "1-0"]
[WhiteElo "2316"]
[BlackElo "2124"]
[PlyCount "43"]
[EventDate "2023.11.03"]
[EventType "swiss"]
[EventRounds "9"]
[EventCountry "BLR"]
[SourceTitle "CB46_2023"]
[SourceDate "2023.11.15"]
[SourceVersion "1"]
[SourceVersionDate "2023.11.15"]
[SourceQuality "1"]

1. e4 c6 2. d4 d5 3. e5 Bf5 4. h4 h5 5. Bd3 Bxd3 6. Qxd3 e6 7. Bg5 Qb6 8. Nd2 c5 9. c4 Qxb2 10. Rd1 Qxd4 11. Qb3 Qxe5+ 12. Ne2 Qc7 13. cxd5 exd5 14. 0-0 Nc6 15. Qxd5 Nge7 16. Qe4 f5 17. Qb1 Ne5 18. Nf4 N7c6 19. Rfe1 Be7 20. Nd5 Qb8 21. Nxe7 Nxe7 22. Bxe7 1-0

[Event "Minsk op"]
[Site "Minsk"]
[Date "2023.11.08"]
[Round "6"]
[White "Khalifman, Alexander"]
[Black "Hakobyan, Erik"]
[Result "1/2-1/2"]
[WhiteElo "2608"]
[BlackElo "2316"]
[PlyCount "45"]
[EventDate "2023.11.03"]
[EventType "swiss"]
[EventRounds "9"]
[EventCountry "BLR"]
[SourceTitle "CB46_2023"]
[SourceDate "2023.11.15"]
[SourceVersion "1"]
[SourceVersionDate "2023.11.15"]
[SourceQuality "1"]

1. d4 Nf6 2. c4 e6 3. Nf3 d5 4. g3 dxc4 5. Bg2 c5 6. 0-0 Nc6 7. Na3 cxd4 8. Nxc4 Bc5 9. a3 a5 10. b3 Qe7 11. Bb2 e5 12. b4 axb4 13. axb4 Rxa1 14. Qxa1 Nxb4 15. Nfxe5 b5 16. Nc6 Nxc6 17. Bxc6+ Bd7 18. Bxd7+ Nxd7 19. Qa8+ Qd8 20. Qe4+ Qe7 21. Qa8+ Qd8 22. Qe4+ Qe7 23. Qa8+ 1/2-1/2

[Event "Minsk op"]
[Site "Minsk"]
[Date "2023.11.06"]
[Round "4"]
[White "Hakobyan, Erik"]
[Black "Pridorozhni, Aleksei"]
[Result "0-1"]
[WhiteElo "2316"]
[BlackElo "2486"]
[PlyCount "72"]
[EventDate "2023.11.03"]
[EventType "swiss"]
[EventRounds "9"]
[EventCountry "BLR"]
[SourceTitle "CB46_2023"]
[SourceDate "2023.11.15"]
[SourceVersion "1"]
[SourceVersionDate "2023.11.15"]
[SourceQuality "1"]

1. e4 e6 2. d4 d5 3. Nc3 dxe4 4. Nxe4 Nd7 5. Nf3 Ngf6 6. Nxf6+ Nxf6 7. Bd3 c5 8. Be3 Qb6 9. Qd2 Bd7 10. 0-0-0 Bc6 11. Rhe1 Rd8 12. dxc5 Bxc5 13. Bxc5 Qxc5 14. Re5 Rd5 15. Rde1 0-0 16. Kb1 Rfd8 17. Rxd5 Bxd5 18. Qe2 Qa5 19. a3 Bxf3 20. gxf3 g6 21. Be4 b6 22. Qe3 Kg7 23. h4 Qe5 24. Rh1 Rc8 25. Bd3 Qd6 26. c4 Rc5 27. b4 Re5 28. Qd2 a5 29. Kc2 axb4 30. axb4 Qd4 31. f4 Re4 32. h5 Rxf4 33. h6+ Kf8 34. Qc3 Rxf2+ 35. Kb3 Qe3 36. Ra1 Rf3 0-1

[Event "Minsk op"]
[Site "Minsk"]
[Date "2023.11.03"]
[Round "1"]
[White "Hakobyan, Erik"]
[Black "Molochnikov, Mikhail"]
[Result "1-0"]
[WhiteElo "2316"]
[BlackElo "1378"]
[PlyCount "85"]
[EventDate "2023.11.03"]
[EventType "swiss"]
[EventRounds "9"]
[EventCountry "BLR"]
[SourceTitle "CB46_2023"]
[SourceDate "2023.11.15"]
[SourceVersion "1"]
[SourceVersionDate "2023.11.15"]
[SourceQuality "1"]

1. e4 e6 2. Qe2 d5 3. exd5 Qxd5 4. Nc3 Qd8 5. Nf3 Nf6 6. g3 b6 7. Bg2 Bb7 8. 0-0 Nbd7 9. d3 Be7 10. Nd4 Bxg2 11. Kxg2 c5 12. Nc6 Qc7 13. Qf3 Rc8 14. Nxe7 Kxe7 15. Bf4 Qc6 16. Ne4 Nxe4 17. dxe4 e5 18. Bg5+ f6 19. Be3 Qe6 20. Rfd1 Rhd8 21. Rd5 Nb8 22. Rad1 Na6 23. Qh5 Nb4 24. Rxd8 Rxd8 25. Rxd8 Kxd8 26. Qxh7 Qf7 27. Qh8+ Kc7 28. c3 Nxa2 29. Qh7 Kd6 30. h4 a5 31. h5 Ke7 32. Kf3 a4 33. Bd2 b5 34. Be3 c4 35. Bc5+ Ke8 36. Qh8+ Kd7 37. g4 Ke6 38. Qh7 f5 39. gxf5+ Kf6 40. Qh8 Kg5 41. Be3+ Kh4 42. Qd8+ Kh3 43. Qg5 1-0

[Event "Batumi Municipality Cup"]
[Site "Batumi"]
[Date "2023.07.06"]
[Round "5"]
[White "Hakobyan, Erik"]
[Black "Manukyan, Sargis A"]
[Result "1-0"]
[WhiteElo "2079"]
[BlackElo "2201"]
[PlyCount "97"]
[EventDate "2023.07.02"]
[EventType "swiss"]
[EventRounds "9"]
[EventCountry "GEO"]
[SourceTitle "CBM 215 Extra"]
[Source "ChessBase"]
[SourceDate "2023.09.30"]
[SourceVersion "1"]
[SourceVersionDate "2023.09.30"]
[SourceQuality "1"]

1. e4 c5 2. Nf3 Nc6 3. Bb5 g6 4. Bxc6 bxc6 5. d4 Bg7 6. dxc5 Qa5+ 7. Nbd2 Qxc5 8. 0-0 Nf6 9. h3 d5 10. Nb3 Qb6 11. Be3 Qc7 12. exd5 cxd5 13. Bd4 0-0 14. Be5 Qb6 15. Re1 Ne4 16. Qxd5 Qxf2+ 17. Kh2 Nf6 18. Qxa8 Bxh3 19. Kxh3 Rxa8 20. Nbd4 Nh5 21. Re2 Qxe2 22. Nxe2 Bxe5 23. Nxe5 Rd8 24. Nc4 f5 25. Re1 e5 26. g4 fxg4+ 27. Kxg4 Rf8 28. Nxe5 Kg7 29. c4 Nf6+ 30. Kh3 g5 31. Nd4 Re8 32. Re2 h5 33. Nec6 Ne4 34. Nf5+ Kf6 35. Ng3 g4+ 36. Kg2 Nd6 37. Nxh5+ Kg5 38. Rxe8 Nxe8 39. Ng3 a6 40. Kf2 Kf4 41. Ne7 Nd6 42. b3 Nb7 43. Nd5+ Ke5 44. Ke3 Nc5 45. Nb4 Ne6 46. Nxa6 Nf4 47. Nb4 Ng2+ 48. Kf2 Nf4 49. Ne2 1-0

[Event "Batumi Municipality Cup"]
[Site "Batumi"]
[Date "2023.07.03"]
[Round "2"]
[White "Hakobyan, Erik"]
[Black "Tutisani, Noe"]
[Result "1-0"]
[WhiteElo "2079"]
[BlackElo "2423"]
[PlyCount "63"]
[EventDate "2023.07.02"]
[EventType "swiss"]
[EventRounds "9"]
[EventCountry "GEO"]
[SourceTitle "CBM 215 Extra"]
[Source "ChessBase"]
[SourceDate "2023.09.30"]
[SourceVersion "1"]
[SourceVersionDate "2023.09.30"]
[SourceQuality "1"]

1. e4 Nc6 2. Nc3 e5 3. Nf3 Nf6 4. d4 d6 5. h3 exd4 6. Nxd4 Be7 7. g4 d5 8. Bb5 Bd7 9. exd5 Nxd4 10. Bxd7+ Nxd7 11. Qxd4 0-0 12. Be3 a5 13. Ne4 a4 14. 0-0-0 a3 15. b3 Ra6 16. h4 f5 17. gxf5 Rxf5 18. Bg5 h6 19. Bxe7 Qxe7 20. d6 cxd6 21. Nxd6 Rf6 22. Rhe1 Qxd6 23. Qc4+ Kh7 24. Rxd6 Raxd6 25. Qe4+ Kh8 26. Qxb7 Rxf2 27. h5 Nf8 28. Rd1 Re6 29. Rg1 g5 30. hxg6 Nxg6 31. Qc8+ Nf8 32. b4 1-0

[Event "EU-ch U16 30th"]
[Site "Antalya"]
[Date "2022.11.12"]
[Round "7"]
[White "Khubukshanov, Erdem"]
[Black "Hakobyan, Erik"]
[Result "1-0"]
[WhiteElo "2371"]
[BlackElo "2196"]
[PlyCount "55"]
[EventDate "2022.11.06"]
[EventType "swiss"]
[EventRounds "9"]
[EventCountry "TUR"]
[SourceTitle "CBM 211 Extra"]
[Source "ChessBase"]
[SourceDate "2023.01.31"]
[SourceVersion "1"]
[SourceVersionDate "2023.01.31"]
[SourceQuality "1"]

1. e4 e5 2. Nf3 Nc6 3. Bc4 Nf6 4. d3 Bc5 5. 0-0 d6 6. c3 a5 7. h3 Ba7 8. Re1 h6 9. Be3 Bxe3 10. Rxe3 0-0 11. Nbd2 Be6 12. Bxe6 fxe6 13. a4 Qe8 14. Qb3 b6 15. Nf1 g5 16. N1h2 Kg7 17. d4 d5 18. exd5 Nxd5 19. Re4 exd4 20. cxd4 Qf7 21. Rae1 Rae8 22. Ng4 Nf4 23. Qc3 Nd8 24. h4 gxh4 25. Nxh4 Kh7 26. Rxf4 Qxf4 27. Qc2+ Kg8 28. Qg6+ 1-0

[Event "EU-ch U16 30th"]
[Site "Antalya"]
[Date "2022.11.10"]
[Round "5"]
[White "Temizer, Umut"]
[Black "Hakobyan, Erik"]
[Result "0-1"]
[WhiteElo "2048"]
[BlackElo "2196"]
[PlyCount "42"]
[EventDate "2022.11.06"]
[EventType "swiss"]
[EventRounds "9"]
[EventCountry "TUR"]
[SourceTitle "EXT 2024"]
[Source "ChessBase"]
[SourceDate "2023.10.10"]
[SourceVersion "1"]
[SourceVersionDate "2023.10.10"]
[SourceQuality "1"]

1. e4 e5 2. Nf3 Nc6 3. Bc4 Nf6 4. d3 h6 5. c3 d6 6. Nbd2 g5 7. Nf1 g4 8. N3d2 Be6 9. Bxe6 fxe6 10. Qb3 Qc8 11. h3 gxh3 12. Rxh3 b6 13. Nf3 Qd7 14. Nh4 Qg7 15. f3 h5 16. Be3 d5 17. 0-0-0 0-0-0 18. g3 Kb7 19. Nd2 Ne7 20. Qc2 d4 21. cxd4 exd4 0-1

[Event "Poti op 15th"]
[Site "Poti"]
[Date "2022.07.20"]
[Round "5"]
[White "Hakobyan, Erik"]
[Black "Hayrapetyan, Edgar"]
[Result "1/2-1/2"]
[WhiteElo "2214"]
[BlackElo "1812"]
[PlyCount "104"]
[EventDate "2022.07.16"]
[EventType "swiss"]
[EventRounds "9"]
[EventCountry "GEO"]
[SourceTitle "CBM 209 Extra"]
[Source "ChessBase"]
[SourceDate "2022.09.30"]
[SourceVersion "1"]
[SourceVersionDate "2022.09.30"]
[SourceQuality "1"]

1. Nf3 Nf6 2. b3 d5 3. Bb2 Bf5 4. e3 e6 5. c4 h6 6. Nc3 c6 7. a3 a5 8. d4 Nbd7 9. Bd3 Bxd3 10. Qxd3 Bd6 11. 0-0 0-0 12. e4 dxe4 13. Nxe4 Nxe4 14. Qxe4 Nf6 15. Qe2 Qe7 16. Rfd1 Rfd8 17. g3 c5 18. Kg2 cxd4 19. Nxd4 Bc5 20. Nc2 Ne8 21. Qe5 b6 22. Qc3 Qb7+ 23. Qf3 Qxf3+ 24. Kxf3 Kf8 25. Nd4 Rac8 26. Bc3 Bxd4 27. Bxd4 Rd6 28. Be3 Rcc6 29. b4 axb4 30. axb4 Rxc4 31. Rxd6 Nxd6 32. Bxb6 Kg8 33. Rd1 Nb5 34. Bc5 Nc7 35. Rd8+ Kh7 36. Rd7 Na6 37. Be3 Nxb4 38. Rxf7 Nd5 39. Bd2 Kg6 40. Ra7 Rc2 41. Ke2 Rc6 42. f3 Rc7 43. Rxc7 Nxc7 44. Kd3 Nd5 45. Ke4 Kf6 46. h4 Kf7 47. g4 Nf6+ 48. Ke5 h5 49. g5 Nd7+ 50. Kd6 Nf8 51. Be1 Ng6 52. Bf2 Ne7 1/2-1/2

[Event "Jermuk Asrian Memorial 13th"]
[Site "Jermuk"]
[Date "2022.06.11"]
[Round "5"]
[White "Shahinyan, David"]
[Black "Hakobyan, Erik"]
[Result "1/2-1/2"]
[WhiteElo "2479"]
[BlackElo "2106"]
[PlyCount "246"]
[EventDate "2022.06.07"]
[EventType "swiss"]
[EventRounds "9"]
[EventCountry "ARM"]
[SourceTitle "CBM 209 Extra"]
[Source "ChessBase"]
[SourceDate "2022.09.30"]
[SourceVersion "1"]
[SourceVersionDate "2022.09.30"]
[SourceQuality "1"]

1. e4 e5 2. Nf3 Nc6 3. d4 exd4 4. Nxd4 Nf6 5. Nxc6 bxc6 6. Nd2 d5 7. exd5 cxd5 8. Bb5+ Bd7 9. Bxd7+ Qxd7 10. 0-0 Be7 11. b3 0-0 12. Bb2 Rfe8 13. Qf3 Rad8 14. Rad1 Qg4 15. Rfe1 c6 16. Re2 Qxf3 17. Nxf3 Kf8 18. Kf1 c5 19. Ne5 Rc8 20. Nd3 d4 21. Ba3 Bd6 22. Rxe8+ Kxe8 23. Nb2 Nd5 24. Nc4 Be7 25. Re1 Kd7 26. Ne5+ Ke8 27. Nd3 Kd7 28. Re5 Kd6 29. Rh5 h6 30. Re5 f6 31. Re4 Kd7 32. Bb2 Bd6 33. Ke1 Nc7 34. c3 dxc3 35. Bxc3 Nd5 36. Kd2 Nb6 37. Rg4 Bf8 38. Nb2 Ke6 39. Re4+ Kf7 40. Nc4 Be7 41. g4 g6 42. Ne3 Bd6 43. h3 Rd8 44. Kc2 Bc7 45. f4 Nd5 46. Nxd5 Rxd5 47. Ra4 Bb8 48. Ra6 f5 49. Rf6+ Ke7 50. Rxg6 fxg4 51. hxg4 Bxf4 52. Rg7+ Ke6 53. Rxa7 Rd8 54. a4 Kd5 55. Rf7 Bg5 56. Rf5+ Kc6 57. Bf6 Rd2+ 58. Kc3 Be3 59. Rf3 Rd6 60. Be5 Bd4+ 61. Bxd4 Rxd4 62. Rf6+ Kb7 63. Rg6 Rf4 64. Kb2 Re4 65. Kc2 Rd4 66. Kc3 Rf4 67. Rxh6 Rxg4 68. Re6 Rf4 69. Kd3 Rb4 70. Kc3 Rf4 71. Re2 Kc6 72. Rc2 Rg4 73. Kb2 Rf4 74. Rc3 Rg4 75. Kc2 Rg2+ 76. Kd3 Rg3+ 77. Kd2 Rg2+ 78. Kd1 Rg4 79. Ke2 Rh4 80. Kd3 Rh3+ 81. Kc2 Rh2+ 82. Kb1 Rh4 83. Kb2 Rg4 84. Rh3 Rf4 85. Rh6+ Kb7 86. Rh7+ Kb6 87. Re7 Rg4 88. Kc3 Rh4 89. Re8 Kb7 90. Rg8 Rf4 91. Rg3 Rh4 92. Re3 Rf4 93. Kd2 Rh4 94. Kd3 Rd4+ 95. Kc2 Rh4 96. Rg3 Rf4 97. Kd2 Rd4+ 98. Kc3 Rh4 99. Rg1 Rf4 100. Kd3 Rb4 101. Kc3 Rf4 102. Rc1 Rh4 103. Kd3 Rb4 104. Rc3 Kb6 105. Kc2 Rh4 106. Kd2 Rg4 107. Kd3 Rb4 108. Kc2 Rh4 109. Rg3 Rf4 110. Re3 Rh4 111. Kd3 Rd4+ 112. Kc3 Rh4 113. Re6+ Kb7 114. Rf6 Rg4 115. Kb2 Rh4 116. Ka3 c4 117. b4 Rh3+ 118. Ka2 Rb3 119. b5 Rb4 120. Ra6 c3 121. Rc6 Rxa4+ 122. Kb3 Rh4 123. Kxc3 Rg4 1/2-1/2

[Event "ARM-ch 1st League 82nd"]
[Site "Yerevan"]
[Date "2021.08.24"]
[Round "13"]
[White "Tiraturyan, David"]
[Black "Hakobyan, Erik"]
[Result "1/2-1/2"]
[WhiteElo "2266"]
[BlackElo "2028"]
[PlyCount "132"]
[EventDate "2021.08.11"]
[EventType "tourn"]
[EventRounds "13"]
[EventCountry "ARM"]
[EventCategory "3"]
[SourceTitle "CBM 204 Extra"]
[Source "ChessBase"]
[SourceDate "2021.11.30"]
[SourceVersion "1"]
[SourceVersionDate "2021.11.30"]
[SourceQuality "1"]

1. e4 c5 2. Nf3 e6 3. g3 Nc6 4. Bg2 Nf6 5. Qe2 d5 6. exd5 Nxd5 7. 0-0 Be7 8. Rd1 Bf6 9. Nc3 0-0 10. Ne4 Be7 11. d4 cxd4 12. c3 dxc3 13. Nxc3 Nxc3 14. bxc3 Qa5 15. Nd4 Bf6 16. Rb1 Ne7 17. Nb3 Qc7 18. c4 Bd7 19. Nc5 Bc6 20. Bxc6 Qxc6 21. Nd7 Rfd8 22. Nxf6+ gxf6 23. Bb2 e5 24. Ba3 Ng6 25. h4 Kh8 26. Kh2 Rd4 27. Rxd4 exd4 28. Qb2 Qxc4 29. Qxb7 Rg8 30. Qb4 Qd5 31. Qd6 Qxd6 32. Bxd6 Rd8 33. Bc5 Kg7 34. Bxa7 d3 35. Rd1 Ne5 36. Be3 Ra8 37. Ra1 Kg6 38. a4 Kf5 39. Kg2 Ke4 40. Bh6 Nc4 41. Re1+ Kd5 42. Re7 Ne5 43. Bf4 Rxa4 44. Re8 Re4 45. h5 Kc4 46. Rh8 Kb3 47. Bh6 Ng4 48. Kf3 f5 49. Rb8+ Rb4 50. Rxb4+ Kxb4 51. Bd2+ Kb3 52. Kf4 Kc2 53. Be1 Nxf2 54. Kxf5 Kd1 55. Ba5 Kc2 56. g4 Nd1 57. Be1 Ne3+ 58. Kf6 Kd1 59. Ba5 Nxg4+ 60. Kxf7 Ke2 61. Kg7 h6 62. Kg6 Kf3 63. Bb4 Ke4 64. Bd2 Kd4 65. Kf5 Ne3+ 66. Kg6 Ng4 1/2-1/2

[Event "ARM-ch 1st League 82nd"]
[Site "Yerevan"]
[Date "2021.08.22"]
[Round "11"]
[White "Yeremyan, Alen"]
[Black "Hakobyan, Erik"]
[Result "1/2-1/2"]
[WhiteElo "2199"]
[BlackElo "2028"]
[PlyCount "143"]
[EventDate "2021.08.11"]
[EventType "tourn"]
[EventRounds "13"]
[EventCountry "ARM"]
[EventCategory "3"]
[SourceTitle "CBM 204 Extra"]
[Source "ChessBase"]
[SourceDate "2021.11.30"]
[SourceVersion "1"]
[SourceVersionDate "2021.11.30"]
[SourceQuality "1"]

1. Nf3 c5 2. g3 b6 3. Bg2 Bb7 4. 0-0 Nf6 5. d3 d5 6. Ne5 Nbd7 7. f4 e6 8. c3 Bd6 9. Nxd7 Qxd7 10. Nd2 Bc7 11. e4 dxe4 12. dxe4 Rd8 13. Qe2 Qd3 14. Qxd3 Rxd3 15. Re1 h5 16. e5 Bxg2 17. Kxg2 Nd5 18. Ne4 Ne7 19. Be3 Nf5 20. Bf2 Ke7 21. a4 Rhd8 22. a5 f6 23. axb6 axb6 24. Ra7 R8d7 25. exf6+ gxf6 26. Kf1 Bd8 27. Ra8 Rd1 28. Ke2 Rxe1+ 29. Bxe1 Nd6 30. Nd2 e5 31. fxe5 fxe5 32. Bf2 Ke6 33. Be3 Nf5 34. Bf2 Nd6 35. Ra6 Kd5 36. b3 Kc6 37. Be3 Nf5 38. Nc4 Bc7 39. Ra1 e4 40. Rf1 Nxe3 41. Nxe3 Be5 42. Rc1 Rd3 43. Nd1 Kd5 44. Rc2 Rf3 45. Ne3+ Ke6 46. Nd1 h4 47. gxh4 Rh3 48. Kf1 Rxh4 49. Ra2 Bxh2 50. Ra6 Bc7 51. b4 cxb4 52. cxb4 Rh2 53. Ra8 Bf4 54. Re8+ Kf5 55. Nc3 e3 56. Nd5 Rh3 57. Ke2 Rh2+ 58. Kf1 Kg4 59. Re4 Rf2+ 60. Ke1 Kg3 61. Re6 Rb2 62. Nxf4 Kf3 63. Kd1 Rd2+ 64. Kc1 Kxf4 65. Rxb6 Kf3 66. Rf6+ Ke2 67. b5 Ke1 68. b6 Rd5 69. Kc2 e2 70. Re6 Rb5 71. Kd3 Rb3+ 72. Kc4 1/2-1/2

[Event "ARM-ch 1st League 82nd"]
[Site "Yerevan"]
[Date "2021.08.20"]
[Round "9"]
[White "Davtyan, Artur"]
[Black "Hakobyan, Erik"]
[Result "1-0"]
[WhiteElo "2466"]
[BlackElo "2028"]
[PlyCount "53"]
[EventDate "2021.08.11"]
[EventType "tourn"]
[EventRounds "13"]
[EventCountry "ARM"]
[EventCategory "3"]
[SourceTitle "CBM 204 Extra"]
[Source "ChessBase"]
[SourceDate "2021.11.30"]
[SourceVersion "1"]
[SourceVersionDate "2021.11.30"]
[SourceQuality "1"]

1. d4 d5 2. c4 dxc4 3. e4 e5 4. Nf3 Nf6 5. Nxe5 Nxe4 6. Bxc4 Nd6 7. Bb3 Be7 8. 0-0 0-0 9. Nc3 Nc6 10. Bf4 Nf5 11. Qh5 Nxe5 12. dxe5 c6 13. Rad1 Qa5 14. Rd3 Qb4 15. Rh3 h6 16. Bc1 Nd4 17. Rg3 Nf5 18. Rg4 Qc5 19. Re1 Bd7 20. Bf4 g5 21. Ne4 Qb4 22. Bd2 Ng7 23. Qxh6 Qxd2 24. Nxd2 Bxg4 25. Ne4 Rfe8 26. Re3 Nf5 27. Qg6+ 1-0

[Event "ARM-ch 1st League 82nd"]
[Site "Yerevan"]
[Date "2021.08.19"]
[Round "8"]
[White "Hakobyan, Erik"]
[Black "Torosyan, Norayr"]
[Result "0-1"]
[WhiteElo "2028"]
[BlackElo "2374"]
[PlyCount "128"]
[EventDate "2021.08.11"]
[EventType "tourn"]
[EventRounds "13"]
[EventCountry "ARM"]
[EventCategory "3"]
[SourceTitle "CBM 204 Extra"]
[Source "ChessBase"]
[SourceDate "2021.11.30"]
[SourceVersion "1"]
[SourceVersionDate "2021.11.30"]
[SourceQuality "1"]

1. e4 c5 2. Nf3 e6 3. d4 cxd4 4. Nxd4 Nc6 5. Nc3 Qc7 6. a3 a6 7. Be3 Nf6 8. Be2 Be7 9. 0-0 0-0 10. f4 d6 11. f5 Nxd4 12. Qxd4 b5 13. Rad1 Bb7 14. Bf3 Rac8 15. g4 h6 16. Qd2 Rfd8 17. Qg2 Nd7 18. g5 Bxg5 19. Bxg5 hxg5 20. Qxg5 Qc5+ 21. Kh1 Qe5 22. Qg2 Rc7 23. Rg1 Nb6 24. Rde1 Rdc8 25. Re2 Rxc3 26. bxc3 Rxc3 27. fxe6 fxe6 28. Bg4 Rc7 29. Rf1 Re7 30. Re3 Nd7 31. Bf3 Rf7 32. Ree1 Nf6 33. Qg3 Qc5 34. Qg6 Qxa3 35. Bg2 Qc5 36. e5 Bxg2+ 37. Qxg2 dxe5 38. Qa8+ Rf8 39. Qxa6 Qd5+ 40. Kg1 Qd4+ 41. Kh1 Qd5+ 42. Kg1 Ra8 43. Qb6 Ra4 44. Re3 Nh5 45. Ref3 Rg4+ 46. Kh1 Nf4 47. Qe3 Nh3 48. Qb3 Qc6 49. Qc3 Qb7 50. Qd3 b4 51. Qd8+ Kh7 52. Qd3+ g6 53. Qe2 Qc6 54. Qe3 Qb7 55. Ra1 Kg8 56. Raf1 Qc6 57. Qa7 Rf4 58. Qb8+ Kf7 59. Kg2 Ng5 60. Qa7+ Kf6 61. Qb8 Nxf3 62. Qf8+ Kg5 63. Qe7+ Rf6 64. Kg3 Qe4 0-1

[Event "ARM-ch 1st League 82nd"]
[Site "Yerevan"]
[Date "2021.08.16"]
[Round "6"]
[White "Hakobyan, Erik"]
[Black "Sargsyan, Tigran R"]
[Result "1-0"]
[WhiteElo "2028"]
[BlackElo "2281"]
[PlyCount "91"]
[EventDate "2021.08.11"]
[EventType "tourn"]
[EventRounds "13"]
[EventCountry "ARM"]
[EventCategory "3"]
[SourceTitle "CBM 204 Extra"]
[Source "ChessBase"]
[SourceDate "2021.11.30"]
[SourceVersion "1"]
[SourceVersionDate "2021.11.30"]
[SourceQuality "1"]

1. e4 c6 2. d4 d5 3. Nc3 dxe4 4. Nxe4 Bf5 5. Ng3 Bg6 6. h4 h6 7. Nf3 Nd7 8. h5 Bh7 9. Bd3 Bxd3 10. Qxd3 e6 11. Bd2 Ngf6 12. 0-0-0 Be7 13. Kb1 Qb6 14. c4 0-0 15. Ne4 Rad8 16. Nxf6+ Nxf6 17. Bc3 c5 18. Qe2 cxd4 19. Bxd4 Bc5 20. Bxc5 Qxc5 21. Ne5 Rb8 22. Qe3 Qxe3 23. fxe3 Rfc8 24. b4 a5 25. a3 axb4 26. axb4 Ra8 27. Kb2 Ra4 28. b5 Kf8 29. Kb3 Rca8 30. Rd8+ Rxd8 31. Kxa4 Ke7 32. Ka5 Ne4 33. Kb6 Kf6 34. Kc7 Rd2 35. Nd7+ Ke7 36. Nb6 Nd6 37. Rh4 Rc2 38. Nc8+ Nxc8 39. Kxc8 Kd6 40. Kxb7 Kc5 41. Kc7 Rb2 42. Rg4 Ra2 43. b6 Ra6 44. b7 Rc6+ 45. Kb8 Rd6 46. Ka7 1-0

[Event "ARM-ch 1st League 82nd"]
[Site "Yerevan"]
[Date "2021.08.15"]
[Round "5"]
[White "Ohanyan, Emin"]
[Black "Hakobyan, Erik"]
[Result "0-1"]
[WhiteElo "2407"]
[BlackElo "2028"]
[PlyCount "72"]
[EventDate "2021.08.11"]
[EventType "tourn"]
[EventRounds "13"]
[EventCountry "ARM"]
[EventCategory "3"]
[SourceTitle "CBM 204 Extra"]
[Source "ChessBase"]
[SourceDate "2021.11.30"]
[SourceVersion "1"]
[SourceVersionDate "2021.11.30"]
[SourceQuality "1"]

1. e4 c5 2. Nf3 e6 3. d4 cxd4 4. Nxd4 Nf6 5. Nc3 Nc6 6. Nxc6 bxc6 7. e5 Nd5 8. Ne4 Qc7 9. f4 Qb6 10. c4 Bb4+ 11. Ke2 f5 12. exf6 Nxf6 13. Be3 Qd8 14. Nd6+ Bxd6 15. Qxd6 Bb7 16. Rd1 Rc8 17. Rg1 c5 18. g4 Rc6 19. Qe5 0-0 20. g5 Nh5 21. Bh3 d6 22. Qxe6+ Kh8 23. Rgf1 Bc8 24. Qd5 Rb6 25. Bxc8 Rxb2+ 26. Rd2 Rxd2+ 27. Bxd2 Qxc8 28. f5 Qd7 29. Kd3 Re8 30. Rf2 Qa4 31. Qf3 Qxa2 32. Qxh5 Qb1+ 33. Kc3 Rb8 34. Bc1 Qxc1+ 35. Kd3 Rb3+ 36. Ke4 Qxc4# 0-1